00932nam a2200229 i 4500001000700000003000900007005001700016007000300033008004100036100003500077245011900112260003100231300002200262490005100284630005800335650004500393700003200438830005900470852003200529999001900561952012200580139736ES-MaACL20240306144903.0t|070214s1965 sp r ||||1| spa d1 aSchnackenburg, Rudolf.910454313aLa iglesia en el Nuevo Testamento / cRudolf Schnackenburg ; versión española de Carlos Fernández Barberá. aMadrid : bTaurus, c1965. a236 p. ; c21 cm.1 aBiblioteca Taurus de estudios bíblicos ; v5 4aBiblia. pN.T.-xCrítica e interpretación9119291 4aIglesia-xEnseñanza bíblica.91666090 aBarberá, Carlos F.9254130 aBiblioteca Taurus de estudios bíblicos ; v59189984 aES-MaACLjC-28049 bR.57443 c139736d139736 00104070aATENEOMbATENEOMcDEPO2d2008-01-17eSCl0oC-28049p1145414r2023-02-23 00:00:00w2023-02-23yMONOGRAFIA